Statt Ausgrenzung und Gewalt - Halt! für Kinder und Jugendliche
| Beteiligte: | |
|---|---|
| Medienart: | Druck Buch |
| Sprache: | Deutsch |
| Veröffentlicht: |
Stuttgart
Ajs, Landesarbeitsstelle Baden-Württemberg
2001
|
| In: |
AJS-Jahrestagungsband (2001)
Jahr: 2001 |
| Bestand in Tübingen: | In Tübingen vorhanden. IFK: D VI 76 |
| Verfügbarkeit prüfen: | HBZ Gateway |
| Subito Bestelldienst: | Jetzt bestellen. |
| Schlagwörter: |
MARC
| LEADER | 00000cam a2200000 c 4500 | ||
|---|---|---|---|
| 001 | 1622542983 | ||
| 003 | DE-627 | ||
| 005 | 20260109094517.0 | ||
| 007 | tu | ||
| 008 | 020211s2001 xx ||||| 00| ||ger c | ||
| 015 | |a 01,N47,0096 |2 dnb | ||
| 016 | 7 | |a 962898775 |2 DE-101 | |
| 020 | |a 3923970323 |9 3-923970-32-3 | ||
| 035 | |a (DE-627)1622542983 | ||
| 035 | |a (DE-576)096998059 | ||
| 035 | |a (DE-599)DNB962898775 | ||
| 035 | |a (OCoLC)314260462 | ||
| 040 | |a DE-627 |b ger |c DE-627 |e rakwb | ||
| 041 | |a ger | ||
| 084 | |a 19 |a 14 |2 sdnb | ||
| 084 | |a MS 2430 |2 rvk |0 (DE-625)rvk/123638: | ||
| 245 | 0 | 0 | |a Statt Ausgrenzung und Gewalt - Halt! für Kinder und Jugendliche |c Ajs, Aktion Jugendschutz, Landesarbeitsstelle Baden-Württemberg. Elisabeth Gropper; Anne Jenter (Hrsg.) |
| 246 | 3 | 3 | |a Halt! für Kinder und Jugendliche |
| 263 | |a kart. : EUR 11.00 | ||
| 264 | 1 | |a Stuttgart |b Ajs, Landesarbeitsstelle Baden-Württemberg |c 2001 | |
| 300 | |a 186 S. |b graph. Darst. | ||
| 336 | |a Text |b txt |2 rdacontent | ||
| 337 | |a ohne Hilfsmittel zu benutzen |b n |2 rdamedia | ||
| 338 | |a Band |b nc |2 rdacarrier | ||
| 490 | 1 | |a Jahrestagungsband / Aktion Jugendschutz (ajs), Landesarbeitsstelle Baden-Württemberg |v 2001 | |
| 583 | 1 | |a Archivierung/Langzeitarchivierung gewährleistet |f PEBW |x XA-DE-BW |2 pdager |5 DE-24 | |
| 655 | 7 | |a Konferenzschrift |0 (DE-588)1071861417 |0 (DE-627)826484824 |0 (DE-576)433375485 |2 gnd-content | |
| 700 | 1 | |a Gropper, Elisabeth |e Hrsg. |4 edt | |
| 810 | 2 | |a Aktion Jugendschutz |b Landesarbeitsstelle Baden-Württemberg |t AJS-Jahrestagungsband |v 2001 |9 2001 |w (DE-627)166614335 |w (DE-576)012794082 |w (DE-600)232476-3 |7 am | |
| 935 | |a BWLB | ||
| 936 | r | v | |a MS 2430 |b Jugendhilfe |k Soziologie |k Spezielle Soziologien |k Jugendsoziologie |k Jugendhilfe |0 (DE-627)1271441004 |0 (DE-625)rvk/123638: |0 (DE-576)201441004 |
| 951 | |a BO | ||
| ELC | |b 1 | ||
| LOK | |0 000 xxxxxcx a22 zn 4500 | ||
| LOK | |0 001 3246134243 | ||
| LOK | |0 003 DE-627 | ||
| LOK | |0 004 1622542983 | ||
| LOK | |0 005 20020704000000 | ||
| LOK | |0 008 020704||||||||||||||||ger||||||| | ||
| LOK | |0 040 |a DE-21-110 |c DE-627 |d DE-21-110 | ||
| LOK | |0 852 |a DE-21-110 | ||
| LOK | |0 852 1 |c D VI 76 |m p |9 00 | ||
| LOK | |0 935 |a k110 | ||
| LOK | |0 936ln |a 11.1.2.6 | ||
| LOK | |0 938 |k p | ||
| LOK | |0 939 |a 04-07-02 |b l01 | ||
| ORI | |a SA-MARC-krimdoka001.raw | ||
| SIG | |a IFK: D VI 76 | ||
